| 000 | 00656nam a2200241Ia 4500 | ||
|---|---|---|---|
| 999 |
_c63385 _d63385 |
||
| 003 | 0100 | ||
| 005 | 20170522092826.0 | ||
| 008 | 130303s9999 xx 000 0 und d | ||
| 040 | _cARRUPELIB | ||
| 050 | _aDT433.577.M36 2003 | ||
| 245 | _aMau Mau and nationhood | ||
| 245 | _barms, authority and narration | ||
| 260 |
_bJames Curey _aOxford _c2003 |
||
| 300 | _a306p. | ||
| 300 | _b 23 cm | ||
| 440 |
_aEastern African studies _930694 |
||
| 650 |
_aMau Mau _xPeasant uprisings _xHistory _y20th century _zKenya _930926 |
||
| 650 |
_aNationalism _xHistory _y20th century _zKenya _930924 |
||
| 650 |
_aKenya----, _xHistory _xMau Mau emergency _y1952-1960 _930833 |
||
| 700 |
_aOdhiambo, E.S. Atieno ; Lonsdale, John (ed.) _930927 |
||
| 942 |
_2lcc _01 _cMONOGRAPH |
||